Kurz o recitovaní a prednášaní na gramofónových platniach

Bibliographic Details
Main Author: Augustinská, Daniela, 1952- (Author)
Format: Article
Language:Slovak
Subjects:

MARC

LEADER 00000nab a2200000 a 4500
001 vtls000158020
003 SK-MaSNL
005 20260304102816.0
008 250423c1983 xo 0 slo
015 |a SNBRB19rr/mm-uuuuu 
035 |a CL0168129 
035 |a urn:nbn:sk:snk-ab43t 
035 |a (urnnbn)urn:nbn:sk:snk:ar-a04y43 
035 |a (uuid)1e1fa075-20f2-42b1-ad65-04d2737b75ee 
040 |a SNKBUCL  |b slo  |c SNKBUCL  |e AACR2 
041 0 |a slo 
044 |a xo  |c SK 
080 |a 82.09:82.085  |2 1981 
080 |a 82.085  |2 1981 
080 |a 82  |2 1981 
080 |a 37  |2 1981 
100 1 |a Augustinská, Daniela,  |d 1952-  |4 aut  |9 152462 
245 1 0 |a Kurz o recitovaní a prednášaní na gramofónových platniach  |c Daniela Augustinská 
650 0 7 |a recitácie  |2 snkbucl  |9 31371 
650 0 7 |a učebné pomôcky  |2 snkbucl  |9 13833 
655 7 |a články z novín a časopisov  |2 snkbucl  |9 267496 
655 7 |a články z odboru literárna veda a krásna literatúra  |2 snkbucl  |9 770045 
773 0 |t Slovenský jazyk a literatúra v škole  |g Roč. 28, č. 2 (1982/1983), s. 57-58 
850 |a Slovenská národná knižnica 
852 |a Slovenská národná knižnica 
954 |a odborná, vedecká literatúra pôvodná (slovenská)  |2 lita 
958 |a article27 
958 |a RK 
958 |a LX 
958 |a OND 
958 |a EUIPO 
992 |a RBX 
999 |c 2846739  |d 2848669